| 000 | 00784nam a2200193 a 4500 | ||
|---|---|---|---|
| 003 | OSt | ||
| 005 | 20150408114122.0 | ||
| 008 | 130304s2013 ua ||||g b 00| 0 ara d | ||
| 040 | _aMA_UN | ||
| 082 | 0 | 4 |
_221 _a070.5797 _bأ أ ن |
| 100 | 1 |
_aأحمد، أحمد يوسف حافظ _922167 |
|
| 245 | 1 | 2 |
_aالنشر الإلكتروني ومشروعات المكتبات الرقمية العالمية والدور العربي في رقمنة وحفظ التراث الثقافي / _cأحمد يوسف حافظ أحمد. |
| 250 | _aط. 1. | ||
| 260 |
_aالقاهرة : _bدار نهضة مصر، _c2013 _m[1434] |
||
| 300 |
_a256 ص. ؛ _c24 سم. |
||
| 504 | _aببليوجرافية : ص. 246-254. | ||
| 650 | 7 |
_2aucsh _aالنشر الإلكتروني _922168 |
|
| 942 |
_2ddc _cBOOK |
||
| 999 |
_c28572 _d263072 |
||